Państwa Europy na daną literkę - Statystyki

Ogólne statystyki
  • Ten quiz został rozwiązany 175 razy
  • Średni wynik to 19 z 20
Statystyki odpowiedzi
Litera Kraj % Poprawnych
A Albania | Andora | Austria
99%
B Belgia | Białoruś | Bośnia i Hercegowina | Bułgaria
99%
C Chorwacja | Czarnogóra | Czechy
99%
D Dania
99%
F Finlandia | Francja
99%
Ł Łotwa
99%
P Polska | Portugalia
99%
R Rosja | Rumunia
99%
H Hiszpania | Holandia
98%
L Liechtenstein | Litwa | Luksemburg
98%
M Macedonia Pólnocna | Malta | Mołdawia | Monako
98%
S San Marino | Serbia | Słowacja | Słowenia | Szwajcaria | Szwecja
98%
E Estonia
97%
G Grecja
97%
W Watykan | Węgry | Wielka Brytania | Włochy
97%
K Kazachstan | Kosowo
96%
N Niemcy | Norwegia
96%
I Irlandia | Islandia
94%
T Turcja
92%
U Ukraina
92%
Nie znaleziono quizów pasujących do podanych kryteriów
Rozkład punktacji
Procent ludzi z każdym wynikiem
Percentyl według liczby udzielonych odpowiedzi
Twoja historia wyników
Nie rozwiązałeś tego quizu